The alchemy of leadership / (Record no. 28089)

MARC details
000 -LEADER
fixed length control field 00914nam a22002417a 4500
005 - DATE AND TIME OF LATEST TRANSACTION
control field 20090708135024.0
008 - FIXED-LENGTH DATA ELEMENTS--GENERAL INFORMATION
fixed length control field 090708t xxu||||| |||| 00| 0 eng d
010 ## - LCCN (DPL NO)
LC control number ENG-94345
020 ## - INTERNATIONAL STANDARD BOOK NUMBER
International Standard Book Number 0070147809
Terms of availability 175.00
020 ## - INTERNATIONAL STANDARD BOOK NUMBER
International Standard Book Number 9780070147805
Terms of availability 175.00
035 ## - SYSTEM CONTROL NUMBER
System control number EN-77878
037 ## - SOURCE OF ACQUISITION
Source of stock number/acquisition DBAD / PUB
040 ## - CATALOGING SOURCE
Original cataloging agency dpl
Language of cataloging English
082 ## - DEWEY DECIMAL CLASSIFICATION NUMBER
Classification number 658.4092
100 ## - MAIN ENTRY--PERSONAL NAME
Personal name Shrinivas Pandit
245 ## - TITLE STATEMENT
Title The alchemy of leadership /
Statement of responsibility, etc by Shrinivas Pandit
260 ## - PUBLICATION, DISTRIBUTION, ETC. (IMPRINT)
Place of publication, distribution, etc New Delhi
Name of publisher, distributor, etc Tata McGraw-Hill Publishing
Date of publication, distribution, etc 2009
270 ## - ADDRESS
Address 7 West Patel Nagar
City New Delhi
Postal code 110008
300 ## - PHYSICAL DESCRIPTION
Extent ix, 151p.
Dimensions 23cm(pbk)
490 ## - SERIES STATEMENT
Series statement Tata Mcgraw-Hill professional leadership essentials series
942 ## - ADDED ENTRY ELEMENTS (KOHA)
Source of classification or shelving scheme Dewey Decimal Classification
Item type English Books
Call number suffix SRI
Classification part 658.4092
Holdings
Withdrawn status Lost status Source of classification or shelving scheme Damaged status Not for loan Collection code Home library Current library Date acquired Source of acquisition Cost, normal purchase price Total Checkouts Full call number Barcode Date last seen Copy number Cost, replacement price Koha item type
    Dewey Decimal Classification   Not For Loan Non-fiction D.B.Act.Division D.B.Act.Division 08/07/2009 DBAD / PUB 175.00   658.4092 SRI EN-77878 08/07/2009 1 175.00 English Books

© Delhi Public Library
Hit Counter
free hit counter